000 00480nam a22001691a 4500
020 _a9788178290584
082 _a302.095 4
_bAJI/S
245 _aNew directions in Indian psychology/
_cby Ajit K Dalal (ed.) and Girishwar Misra (ed.)
260 _aNew Delhi:
_bSage,
_c2001.
300 _a445p.
650 _aSocial Psychology India
650 _aSocial Psychology
650 _aSocial science
700 _aAjit K Dalal (ed.)
700 _aGirishwar Misra (ed.)
942 _cBK
999 _c31183
_d31183